000
00332nam a2200133Ia 4500
008
240624s9999 xx 000 0 und d
041
_a
eng
082
_a
954 CHA
100
_a
CHADHA JAIDEEP SINGH
245
_a
WHY ARE WE STILL LIKE THIS ONLY
260
_c
2010
_a
New Delhi
_b
Diamond Books
300
_a
240 : p.
365
_c
RS
_b
25
999
_c
18188
_d
18188